[Event "Olympiad-44"]
[Site "Chennai"]
[Date "2022.08.01"]
[Round "4.3"]
[White "Gole, Habtamu Ashenafi"]
[Black "Karelina, Polina"]
[Result "1-0"]
[WhiteElo "2044"]
[BlackElo "1835"]
[PlyCount "55"]
[EventDate "2022.07.29"]
[EventType "team-swiss"]
[EventRounds "11"]
[EventCountry "IND"]
[SourceTitle "CBM 210"]
[Source "ChessBase"]
[SourceDate "2022.10.31"]
[SourceVersion "1"]
[SourceVersionDate "2022.10.31"]
[SourceQuality "1"]
[WhiteTeam "Ethiopia"]
[BlackTeam "Bahamas"]
[WhiteTeamCountry "ETH"]
[BlackTeamCountry "BAH"]

1. e4 d6 2. d4 Nf6 3. Bd3 e5 4. dxe5 dxe5 5. Nf3 Nc6 6. h3 Bc5 7. 0-0 0-0 8. Bg5 h6 9. Bh4 Qd6 10. Nbd2 a6 11. Nc4 Qe6 12. Ne3 Nh5 13. Nxe5 Bxe3 14. Nxc6 Nf4 15. Ne7+ Kh8 16. fxe3 Nxh3+ 17. gxh3 Qxh3 18. Qe1 Bd7 19. Qg3 Qxg3+ 20. Bxg3 Rae8 21. Nd5 c6 22. Nf4 g5 23. Nh5 Bh3 24. Rf6 Re6 25. Kh2 Bg4 26. Rxe6 fxe6 27. Be5+ Kh7 28. Nf6+ 1-0

[Event "Olympiad-44"]
[Site "Chennai"]
[Date "2022.07.31"]
[Round "3.3"]
[White "Kanyamarala, Tarun"]
[Black "Gole, Habtamu Ashenafi"]
[Result "1-0"]
[WhiteElo "2379"]
[BlackElo "2044"]
[PlyCount "71"]
[EventDate "2022.07.29"]
[EventType "team-swiss"]
[EventRounds "11"]
[EventCountry "IND"]
[SourceTitle "CBM 210"]
[Source "ChessBase"]
[SourceDate "2022.10.31"]
[SourceVersion "1"]
[SourceVersionDate "2022.10.31"]
[SourceQuality "1"]
[WhiteTeam "Ireland"]
[BlackTeam "Ethiopia"]
[WhiteTeamCountry "IRL"]
[BlackTeamCountry "ETH"]

1. d4 Nf6 2. c4 e6 3. Nc3 d5 4. cxd5 exd5 5. Bg5 Nbd7 6. e3 c6 7. Bd3 Be7 8. h3 0-0 9. Qc2 h6 10. Bf4 a6 11. Nf3 c5 12. 0-0 b5 13. a3 Bb7 14. dxc5 Nxc5 15. Bf5 Bd6 16. Bxd6 Qxd6 17. Rfd1 Qe7 18. Rac1 g6 19. Bd3 Rac8 20. Be2 Nfe4 21. Nxd5 Bxd5 22. Rxd5 Nb3 23. Qxc8 Rxc8 24. Rxc8+ Kg7 25. Rdd8 Nf6 26. Ra8 Nc5 27. Rdc8 Qb7 28. Nd4 Na4 29. Bf3 Qe7 30. Rxa6 Nxb2 31. Rb8 Qc5 32. Rb7 Qc1+ 33. Kh2 g5 34. Bh5 Ng8 35. Rxf7+ Kh8 36. Bg6 1-0

[Event "Addis Ababa zt 4.4"]
[Site "Addis Ababa"]
[Date "2022.05.08"]
[Round "9"]
[White "Adam Bouni, Abdi Rahim"]
[Black "Gole, Habtamu Ashenafi"]
[Result "0-1"]
[WhiteElo "1322"]
[BlackElo "2054"]
[PlyCount "33"]
[EventDate "2022.05.02"]
[EventType "swiss"]
[EventRounds "9"]
[EventCountry "ETH"]
[SourceTitle "CBM 208 Extra"]
[Source "ChessBase"]
[SourceDate "2022.07.31"]
[SourceVersion "1"]
[SourceVersionDate "2022.07.31"]
[SourceQuality "1"]

1. e4 Nc6 2. Nf3 e5 3. c3 Nf6 4. d4 Nxe4 5. d5 Ne7 6. Nxe5 Ng6 7. Nxg6 hxg6 8. Qe2 Qe7 9. Be3 Nf6 10. c4 Qe5 11. Nc3 Bb4 12. Bd2 Qxe2+ 13. Bxe2 0-0 14. 0-0-0 d6 15. Bd3 Re8 16. f3 Bd7 17. h4 0-1

[Event "Addis Ababa zt 4.4"]
[Site "Addis Ababa"]
[Date "2022.05.06"]
[Round "6"]
[White "Gole, Habtamu Ashenafi"]
[Black "Haitham, Mohammed Abdalrasoo"]
[Result "1-0"]
[WhiteElo "2054"]
[BlackElo "1982"]
[PlyCount "73"]
[EventDate "2022.05.02"]
[EventType "swiss"]
[EventRounds "9"]
[EventCountry "ETH"]
[SourceTitle "CBM 208 Extra"]
[Source "ChessBase"]
[SourceDate "2022.07.31"]
[SourceVersion "1"]
[SourceVersionDate "2022.07.31"]
[SourceQuality "1"]

1. d4 Nf6 2. c4 c5 3. d5 e6 4. Nc3 exd5 5. cxd5 d6 6. e4 g6 7. f4 a6 8. a4 Bg7 9. Nf3 0-0 10. Bd3 Bg4 11. 0-0 Nbd7 12. h3 Bxf3 13. Qxf3 Qe7 14. Bd2 Ne8 15. Rae1 Rb8 16. Kh1 Nc7 17. Bc4 b5 18. axb5 axb5 19. Bb3 Kh8 20. e5 dxe5 21. Ne4 Ne8 22. f5 gxf5 23. Qxf5 Nd6 24. Nxd6 Qxd6 25. Rf3 c4 26. Ba2 Rbe8 27. Bb1 e4 28. Rxe4 Rxe4 29. Qxe4 Qg6 30. Qe1 Qh5 31. Rf5 Qg6 32. Rf4 f5 33. Bc3 Qg5 34. Rf3 Nc5 35. Rxf5 Rxf5 36. Qe8+ Rf8 37. Qxf8# 1-0

[Event "Africa-ch Blitz"]
[Site "Casablanca"]
[Date "2019.08.28"]
[Round "5.17"]
[White "Chumfwa, Stanley"]
[Black "Gole, Habtamu Ashenafi"]
[Result "1-0"]
[WhiteElo "2193"]
[BlackElo "2046"]
[PlyCount "119"]
[EventDate "2019.08.28"]
[EventType "swiss (blitz)"]
[EventRounds "9"]
[EventCountry "MAR"]
[SourceTitle "EXT 2024"]
[Source "ChessBase"]
[SourceDate "2023.10.10"]
[SourceVersion "1"]
[SourceVersionDate "2023.10.10"]
[SourceQuality "1"]

1. e4 c5 2. Nf3 e6 3. d4 cxd4 4. Nxd4 a6 5. Nc3 Qc7 6. Bd3 b5 7. 0-0 Bb7 8. Kh1 Nf6 9. a3 h5 10. f4 Bc5 11. Nb3 Bb6 12. Qe2 Ng4 13. Bd2 Nc6 14. Rae1 Nd4 15. Nxd4 Bxd4 16. Nd1 Rc8 17. c3 Bb6 18. Ne3 Nf6 19. Nc2 Ng4 20. Nd4 g5 21. h3 e5 22. fxe5 Qxe5 23. Nf3 Qg3 24. Rd1 Nf2+ 25. Rxf2 Qxf2 26. Qxf2 Bxf2 27. Bxg5 Rg8 28. h4 Rc5 29. Rf1 Bg3 30. Nd4 Rcxg5 31. hxg5 Rxg5 32. Nf5 Be5 33. Rf3 Kf8 34. Kg1 Bc7 35. Kf1 Rg4 36. Ne3 Rg3 37. Rxg3 Bxg3 38. Nf5 Be5 39. Ke2 d6 40. Ke3 Bc8 41. Nd4 Bd7 42. Be2 h4 43. a4 Bg7 44. axb5 axb5 45. Bxb5 Bh6+ 46. Kf3 Bc8 47. Nf5 d5 48. Nxh6 dxe4+ 49. Kxe4 Kg7 50. Nf5+ Kf6 51. Nxh4 Bb7+ 52. Ke3 Kg5 53. Nf3+ Kf5 54. Bd3+ Ke6 55. b4 f5 56. c4 Kf6 57. Kf4 Bc6 58. b5 Bb7 59. c5 Bd5 60. c6 1-0

[Event "Africa-ch Blitz"]
[Site "Casablanca"]
[Date "2019.08.28"]
[Round "6.21"]
[White "Gole, Habtamu Ashenafi"]
[Black "Amba, Oyon Marius Claude"]
[Result "0-1"]
[WhiteElo "2046"]
[BlackElo "1930"]
[PlyCount "65"]
[EventDate "2019.08.28"]
[EventType "swiss (blitz)"]
[EventRounds "9"]
[EventCountry "MAR"]
[SourceTitle "EXT 2024"]
[Source "ChessBase"]
[SourceDate "2023.10.10"]
[SourceVersion "1"]
[SourceVersionDate "2023.10.10"]
[SourceQuality "1"]

1. e4 c5 2. Nf3 e6 3. d4 cxd4 4. Nxd4 a6 5. c4 Qc7 6. Nc3 Nf6 7. Be2 h5 8. b3 Bb4 9. Bd2 Bxc3 10. Bxc3 Nxe4 11. Bb2 Qa5+ 12. Kf1 Nf6 13. Qd3 Qc7 14. g3 Nc6 15. Nf3 b6 16. Rd1 Bb7 17. Rg1 0-0-0 18. Nd4 Ne5 19. Qd2 Neg4 20. h3 Ne4 21. hxg4 Nxd2+ 22. Rxd2 h4 23. Bf3 h3 24. Rh1 e5 25. Nf5 Bxf3 26. Nd6+ Kb8 27. Rh2 Bg2+ 28. Kg1 f6 29. g5 Rh5 30. c5 b5 31. a4 bxa4 32. bxa4 Ka8 33. Nc4 0-1

[Event "African-ch rapid"]
[Site "Casablanca"]
[Date "2019.08.26"]
[Round "1"]
[White "Gole, Habtamu Ashenafi"]
[Black "Amin, Bassem"]
[Result "0-1"]
[WhiteElo "2046"]
[BlackElo "2692"]
[PlyCount "60"]
[EventDate "2019.08.26"]
[EventType "swiss (rapid)"]
[EventRounds "9"]
[EventCountry "MAR"]
[SourceTitle "EXT 2020"]
[Source "ChessBase"]
[SourceDate "2019.10.17"]
[SourceVersion "1"]
[SourceVersionDate "2019.10.17"]
[SourceQuality "1"]

1. d4 f5 2. c4 Nf6 3. Nc3 e6 4. a3 Be7 5. d5 e5 6. Nf3 d6 7. e3 0-0 8. Be2 a5 9. 0-0 Bd7 10. Rb1 a4 11. b4 axb3 12. Qxb3 b6 13. Re1 Na6 14. Bb2 Nc5 15. Qc2 Qe8 16. Nd2 Qg6 17. Nf1 Qg5 18. Bc1 Nfe4 19. f3 Nxc3 20. Qxc3 Bf6 21. e4 Qg6 22. Nd2 Bh4 23. Rd1 fxe4 24. fxe4 Rf2 25. Bf3 Rf8 26. Kh1 R8xf3 27. Qxf3 Rxf3 28. Nxf3 Nxe4 29. Be3 Bf2 30. Bd2 Qh5 0-1

[Event "Africa-chT rapid"]
[Site "Casablanca"]
[Date "2019.08.25"]
[Round "6.5"]
[White "Gole, Habtamu Ashenafi"]
[Black "Ricky, Sang"]
[Result "1-0"]
[WhiteElo "2046"]
[BlackElo "1971"]
[PlyCount "99"]
[EventDate "2019.08.24"]
[EventType "team-swiss (rapid)"]
[EventRounds "9"]
[EventCountry "MAR"]
[SourceTitle "EXT 2020"]
[Source "ChessBase"]
[SourceDate "2019.10.17"]
[SourceVersion "1"]
[SourceVersionDate "2019.10.17"]
[SourceQuality "1"]
[WhiteTeam "Ethiopia"]
[BlackTeam "Kenya"]
[WhiteTeamCountry "ETH"]
[BlackTeamCountry "KEN"]

1. e4 c5 2. Nf3 d6 3. d4 cxd4 4. Nxd4 Nf6 5. Nc3 a6 6. a4 e6 7. Be2 Be7 8. 0-0 0-0 9. Kh1 Qc7 10. f4 Bd7 11. Be3 Nc6 12. Nb3 Rac8 13. a5 Nb4 14. Bb6 Qb8 15. Rc1 Bc6 16. Qd4 d5 17. Bc5 Bxc5 18. Qxc5 Nxc2 19. Rxc2 dxe4 20. Rcc1 Nd5 21. Qf2 Nb4 22. Nd4 Bd5 23. Rfe1 Nd3 24. Bxd3 exd3 25. Nxd5 exd5 26. Qd2 Rxc1 27. Rxc1 Rc8 28. Rf1 Qc7 29. Qxd3 Qxa5 30. Nf5 Re8 31. Qd4 f6 32. Qf2 Qc7 33. Qg3 Kh8 34. h4 h6 35. Kh2 b5 36. Rc1 Qd7 37. Qg6 Rd8 38. Re1 Qc7 39. Kh3 Rg8 40. Re7 Qxf4 41. Rxg7 Qxf5+ 42. Qxf5 Rxg7 43. Qxf6 Kh7 44. Qxa6 b4 45. Qd3+ Kh8 46. Qxd5 Kh7 47. Qe4+ Kh8 48. Qxb4 h5 49. Qd4 Kh7 50. Qxg7+ 1-0

[Event "Africa-chT rapid"]
[Site "Casablanca"]
[Date "2019.08.24"]
[Round "4.9"]
[White "Koualet Bebondi, Vianney Archeveq"]
[Black "Gole, Habtamu Ashenafi"]
[Result "0-1"]
[WhiteElo "1679"]
[BlackElo "2046"]
[PlyCount "91"]
[EventDate "2019.08.24"]
[EventType "team-swiss (rapid)"]
[EventRounds "9"]
[EventCountry "MAR"]
[SourceTitle "EXT 2020"]
[Source "ChessBase"]
[SourceDate "2019.10.17"]
[SourceVersion "1"]
[SourceVersionDate "2019.10.17"]
[SourceQuality "1"]
[WhiteTeam "Central African Republic"]
[BlackTeam "Ethiopia"]
[WhiteTeamCountry "CAR"]
[BlackTeamCountry "ETH"]

1. e4 c5 2. d3 Nc6 3. c3 e6 4. Nf3 h6 5. Be2 d5 6. exd5 exd5 7. 0-0 Nf6 8. Bf4 Bd6 9. Bxd6 Qxd6 10. h3 0-0 11. Nh2 d4 12. f4 Nd5 13. Qd2 Ne3 14. Rf2 Re8 15. Na3 a6 16. Nc2 Qg6 17. Kh1 Qg3 18. Bf3 Bd7 19. cxd4 cxd4 20. Re1 Kh7 21. Nxd4 Nxd4 22. Rxe3 g6 23. Bxb7 Rxe3 24. Bxa8 Rxd3 25. Qe1 Qh4 26. Be4 Rd1 27. Qxd1 Qxf2 28. Qf1 Qxb2 29. Bd5 Ne2 30. Qf2 Bb5 31. Nf1 Qc1 32. Kh2 Nxf4 33. Ne3 Qc7 34. g3 Nxd5 35. Nxd5 Qb7 36. Qd2 Bc4 37. Nc3 Be6 38. a4 Qb4 39. Qc1 h5 40. Qa1 Qd4 41. Qb2 Qe5 42. h4 Bd5 43. Qd2 Bc6 44. Qc2 Qe1 45. Ne4 Bxe4 46. Qc7 0-1